000 00833cam a22002175i 4500
999 _c58229
_d58229
001 21580545
005 20210922135121.0
008 151028s2016 gw |||| o |||| 0|eng
020 _a9783319241586
041 _aeng
080 _a378.245.5+808.2+653 Z-62
100 1 _aZhang, Yuehong (Helen).
_912526
245 1 0 _aAgainst Plagiarism :
_bA Guide for Editors and Authors /
_cby Yuehong (Helen) Zhang.
264 1 _aHangzhou :
_bSpringer ,
_c2016.
300 _a 162 p.
_b25 cm.
490 1 _aQualitative and Quantitative Analysis of Scientific and Scholarly Communication,
_x2365-8371
653 _aგამომცემლები და გამომცემლობა
653 _aკომუნიკაცია
653 _aსაკომუნიკაციო კვლევები
942 _2udc
_cBK